That Damn romantic fool (Record no. 6688)

MARC details
000 -LEADER
fixed length control field 00780 a2200229 4500
005 - DATE AND TIME OF LATEST TRANSACTION
control field 2008090502332.0
008 - FIXED-LENGTH DATA ELEMENTS--GENERAL INFORMATION
fixed length control field 080905t xxu||||| |||| 00| 1 eng d
010 ## - LIBRARY OF CONGRESS CONTROL NUMBER
LC control number ENG-87581
020 ## - INTERNATIONAL STANDARD BOOK NUMBER
International Standard Book Number 8181573560
Terms of availability 250.00
035 ## - SYSTEM CONTROL NUMBER
System control number EN-71114
037 ## - SOURCE OF ACQUISITION
Source of stock number/acquisition DBAD / PUB
082 ## - DEWEY DECIMAL CLASSIFICATION NUMBER
Classification number S
100 ## - MAIN ENTRY--PERSONAL NAME
Personal name Daniels, Michael Chacko
245 ## - TITLE STATEMENT
Title That Damn romantic fool
Statement of responsibility, etc by Michael Chacko Daniels
250 ## - EDITION STATEMENT
Edition statement 2nd rev. ed.
260 ## - PUBLICATION, DISTRIBUTION, ETC. (IMPRINT)
Place of publication, distribution, etc Calcutta
Name of publisher, distributor, etc Writers Workshop
Date of publication, distribution, etc 2005
270 ## - ADDRESS
Address 162/92, Lake Gardens,
City Calcutta
Postal code 700 045
300 ## - PHYSICAL DESCRIPTION
Extent 200p.
Dimensions 22 cm (Hb)
490 ## - SERIES STATEMENT
Series statement Writers workshop greenbird book
942 ## - ADDED ENTRY ELEMENTS (KOHA)
Institution code [OBSOLETE] dpl
Koha item type English Books
Call number prefix S / DAN
Source of classification or shelving scheme Dewey Decimal Classification
Classification part S
Call number suffix DAN
Holdings
Withdrawn status Lost status Damaged status Not for loan Collection code Home library Current library Date acquired Cost, normal purchase price Total Checkouts Full call number Barcode Date last seen Copy number Uniform Resource Identifier Cost, replacement price Price effective from Koha item type
      Not For Loan Non-fiction D.B.Act.Division D.B.Act.Division 05/09/2008 250.00   S DAN EN-71114 15/09/2008 1 7190 250.00 15/09/2008 English Books

© Delhi Public Library
Hit Counter
free hit counter